Statistics for 2017 rap lyrics

Click here to take the quiz!

General Stats

  • This quiz has been taken 370 times
  • The average score is 4 of 15

Answer Stats

HintAnswer% Correct
All my friends are dead,push me to the edge
95%
These expensive, these is red bottoms,these is bloody shoes
66%
Ride with the mob, alhamdulillah. Check in with meand do your job
60%
I need a one dance,got a hennessy in my hand
36%
If I quit this season, I still be the greatest, funkmy left stroke just went viral
35%
Naruto nine tailed fox coat fur,i feel like a gucci ad lib
31%
Passionate from miles away,passive with the things you say
24%
Switch my whip, came back in black i'm startin' sayin'rest in peace to bon scott
15%
You used to say you in love,i used to say that shit back
12%
Make her take a sip of ace of spades like it's water, i been on the mollyand them xans with your daughter
6%
Ordered up a hundred bottles in the club likeblasé blasé
5%
A fuckin' good time never hurts nobody,i got a little drink but it's not bacardi
4%
You got a coupe with a sad hoe,cause she wanna come with me
3%
The westside, girls all extra fine. The southside,they thick like apple pie
2%
Uh, yeah hoe this the finale,my pep talk turn it to a pep rally
1%

Score Distribution

Percentile by Number Answered

Percent of People with Each Score

Your Score History

You have not taken this quiz